A-Z: animals & plants ending in G - Statistics

General Stats
  • This quiz has been taken 28 times
  • The average score is 12 of 26
Answer Stats
Initial letter Clue Organism's name ending in G % Correct
D Faithful pet Dog
100%
P Farm animal Pig
96%
B General word for insects Bug
93%
W African pig with tusks Warthog
93%
M Feral horse of the USA Mustang
89%
F Familiar amphibian of ponds and other damp areas Frog
86%
H Spiky European mammal Hedgehog
86%
S Unpopular squidgy garden mollusc Slug
82%
G Cute pet named after a country Guinea pig
68%
E Thin insect whose name suggests parts of the head Earwig
54%
Q Clam Quahog
50%
L Arctic rodent Lemming
46%
K Species name of an eider King
32%
R Thrush with a scarlet part on its side sections, which is a winter visitor to Britain Redwing
21%
T Round-shaped fish Tang
21%
C Berry-eating songbird named after a tree of Lebanon Cedar waxwing
18%
A Canine found south of the Sahara African wild dog
14%
I Close relative of the cormorant with a name derived from the word "empire" Imperial shag
14%
N Pigeon from eastern Indonesia with copper colour on its side sections New Guinea bronzewing
14%
O Species of European songbird whose first word comes from the same root as the word "horticulture" Ortolan bunting
14%
Y Relative of O with a light colour similar to amber Yellow bunting
14%
J Long-legged, short-billed wading bird from Indonesia Javan lapwing
11%
U Name of a genus of moths, referring to the bottom part of its thin outer section Underwing
11%
V Species of a common urban songbird known for its mimicry, with a purple upper section Violet-backed starling
11%
Z Amphibian species from a Tanzanian island, associated with wetland plants Zanzibar reed frog
11%
X Extinct genus of tyrannosauroid theropod from China Xiongguanlong
4%
No matching quizzes found
Score Distribution
Percent of People with Each Score
Percentile by Number Answered
Your Score History
You have not taken this quiz